00793nam a2200229Ia 4500008004100000040001400041082002100055100002500076245005600101250001000157260003300167300001100200365002800211366000900239505002400248530007600272536002800348620005900376630005600435650001600491730005600507100315s9999 xx 000 0 und d cENGLISH  b6698 a658.71  a"Bhat,K. Shridhara " aEssentials of Logistics and Supply Chain Management a1st  aDelhi bHimalaya  c2007  a432   eRupees d1 b204.00  f15  gRamakant Navghare  bBG (Himalaya Publishing) 318 & 317/22-07-2008 a318 & 317/22-07-2008  a01/04/2008-31/03/2009  aEssentials of Logistics and Supply Chain Management.  aEssentials of Logistics and Supply Chain Management aLogistics  aEssentials of Logistics and Supply Chain Management